ទិដ្ឋភាពទូទៅនៃអក្សរសាស្ត្រខ្មែរ (Record no. 8409)

000 -LEADER
fixed length control field 00360nam a22001097a 4500
040 ## - CATALOGING SOURCE
Transcribing agency SK
082 ## - DEWEY DECIMAL CLASSIFICATION NUMBER
Classification number 895
100 ## - MAIN ENTRY--AUTHOR NAME
Personal name ឃីង ហុកឌី
245 ## - TITLE STATEMENT
Title ទិដ្ឋភាពទូទៅនៃអក្សរសាស្ត្រខ្មែរ
260 ## - PUBLICATION, DISTRIBUTION, ETC. (IMPRINT)
Place of publication រោងពុម្ពខ្មែរ​(AIK)
Name of publisher ឃីង ហុកឌី
Year of publication 2003
942 ## - ADDED ENTRY ELEMENTS (KOHA)
Koha item type សៀវភៅភាសាខ្មែរ
952 ## - LOCATION AND ITEM INFORMATION (KOHA)
Withdrawn status [LOCAL, KOHA] 0
952 ## - LOCATION AND ITEM INFORMATION (KOHA)
Withdrawn status [LOCAL, KOHA] 0
952 ## - LOCATION AND ITEM INFORMATION (KOHA)
Withdrawn status [LOCAL, KOHA] 0
952 ## - LOCATION AND ITEM INFORMATION (KOHA)
Withdrawn status [LOCAL, KOHA] 0
952 ## - LOCATION AND ITEM INFORMATION (KOHA)
Withdrawn status [LOCAL, KOHA] 0
952 ## - LOCATION AND ITEM INFORMATION (KOHA)
Withdrawn status [LOCAL, KOHA] 0
952 ## - LOCATION AND ITEM INFORMATION (KOHA)
Withdrawn status [LOCAL, KOHA] 0
952 ## - LOCATION AND ITEM INFORMATION (KOHA)
Withdrawn status [LOCAL, KOHA] 0
952 ## - LOCATION AND ITEM INFORMATION (KOHA)
Withdrawn status [LOCAL, KOHA] 0
952 ## - LOCATION AND ITEM INFORMATION (KOHA)
Withdrawn status [LOCAL, KOHA] 0
Holdings
Permanent Location Date acquired Koha item type Lost status Shelving location Barcode Current Location Full call number
Library Block C2016-07-27សៀវភៅភាសាខ្មែរ C306RUA034270Library Block C895 ឃីង 1997 C306
Library Block C2016-07-27សៀវភៅភាសាខ្មែរ C306RUA034144Library Block C895 ឃីង 1997 C306
Library Block C2016-07-27សៀវភៅភាសាខ្មែរ C306RUA036150Library Block C895 ឃីង 1997 C306
Library Block C2016-07-27សៀវភៅភាសាខ្មែរ C306RUA034010Library Block C895 ឃីង 1997 C306
Library Block C2016-07-27សៀវភៅភាសាខ្មែរ C306RUA034202Library Block C895 ឃីង 1997 C306
Library Block C2016-07-27សៀវភៅភាសាខ្មែរ C306RUA034254Library Block C895 ឃីង 1997 C306
Library Block C2016-07-27សៀវភៅភាសាខ្មែរ C306RUA034262Library Block C895 ឃីង 1997 C306
Library Block C2016-07-27សៀវភៅភាសាខ្មែរ C306RUA036046Library Block C895 ឃីង 1997 C306
Library Block C2016-07-27សៀវភៅភាសាខ្មែរ C306RUA034095Library Block C895 ឃីង 1997 C306
Library Block C2016-07-27សៀវភៅភាសាខ្មែរ C306RUA036210Library Block C895 ឃីង 1997 C306
មជ្ឈមណ្ឌលឯការនៃសាកលវិទ្យាល័យភូមិន្ទកសិកម្មចំការដូង

Powered by Koha